BCIS Wessex estimating price book: alterations & refurbishment (Record no. 107626)

MARC details
000 -LEADER
fixed length control field 00958cam a22002055a 4500
001 - CONTROL NUMBER
control field E141300
008 - FIXED-LENGTH DATA ELEMENTS--GENERAL INFORMATION
fixed length control field 050923s2007 xxk f 000 0 eng u
020 ## - INTERNATIONAL STANDARD BOOK NUMBER
International Standard Book Number 9781904829614
035 ## - SYSTEM CONTROL NUMBER
System control number (Sirsi) u141300
041 0# - LANGUAGE CODE
Language code of text/sound track or separate title eng
050 04 - LIBRARY OF CONGRESS CALL NUMBER
Classification number 692.5 $2 18
245 00 - TITLE STATEMENT
Title BCIS Wessex estimating price book: alterations & refurbishment
Remainder of title 2008
250 ## - EDITION STATEMENT
Edition statement 13th ed.
260 ## - PUBLICATION, DISTRIBUTION, ETC.
Place of publication, distribution, etc. Poole
Name of publisher, distributor, etc. Wessex
Date of publication, distribution, etc. 2007
520 2# - SUMMARY, ETC.
Summary, etc. Includes nearly 5,000 fully updated materials prices, almost 12,500 built-up work items and over 600 approximate estimating prices. A free pricing system CD is also available with the book. Contains unit rates, labour hours, material prices and waste factors, plant time, hire rates, detailed approximate estimating, preliminaries and day works, as well as a comprehensive memoranda list.
520 ## - SUMMARY, ETC.
Summary, etc. Superseded by 14th ed. (ISBN 9781904829836)
690 ## - LOCAL SUBJECT ADDED ENTRY--TOPICAL TERM (OCLC, RLIN)
Topical term or geographic name as entry element BUILT ENVIRONMENT-BUILDING COSTS
700 1# - ADDED ENTRY--PERSONAL NAME
Personal name Barnett, N.P.
Relator term Editor
942 ## - ADDED ENTRY ELEMENTS (KOHA)
Suppress in OPAC 0
Holdings
Withdrawn status Lost status Source of classification or shelving scheme Damaged status Not for loan Home library Current library Shelving location Date acquired Total Checkouts Full call number Barcode Date last seen Copy number Price effective from Koha item type Date last checked out
    Dewey Decimal Classification     London London RICS Boxes 05/12/2007   F692.5 WES 30074518 06/08/2019 2 06/08/2019 Reference material  
  Missing       London London Missing 05/12/2007 3 F692.5 WES 30074522 06/08/2019 3 06/08/2019 Book 19/03/2008
    Dewey Decimal Classification     London London RICS Boxes 05/12/2007 7 F692.5 WES 30074526 06/08/2019 4 06/08/2019 Book 03/12/2008
    Dewey Decimal Classification     London London RICS Boxes 14/02/2008   RICS 2007/59 30074514 06/08/2019 1 06/08/2019 Archive